000
00238 a2200097 4500
001
17090
100
_a
Shanmugam K
245
_a
Digital and Analog communication systems
260
_a
New York
_b
John Wiley & Sons
_c
090
_c
12736
_d
12736
942
_a
NUST-CAE
_c
M
_c
3043
999
_c
252163
_d
252163